000 00860nam a22002417a 4500
005 20170123164142.0
010 _aB-201144
020 _a8188738999
_c90.00
035 _aB-201144
037 _bCen Lib/Ret
040 _aDPL
_bPN
082 _a851
_b ਤਰਸੇ
100 _a ਤਰਸੇਮ ਰਾਹੀ
_9136239
245 _aਤਿੜਕੇ ਰਿਸ਼ਤੇ /
_c ਤਰਸੇਮ ਰਾਹੀ
246 _aTirhke rishte /
_bby Tarsem Rahi
260 _aਦਿੱੱਲੀ
_bੳਙਾਨ ਪਬਲਿਸ਼ਰਜ਼
_c2006
300 _a94p.
_c22cm(Hb)
650 _aਪੰਜਾਬੀ ਸਾਹਿਤ
_9136240
650 _aਪੰਜਾਬੀ ਸਾਹਿਤ- ਕਵਿਤਾਵਾਂ
_9780
650 _aPunjabi Literature
_9136241
650 _aPunjabi Literature- Poetry
_96011
942 _2ddc
_cPN
_h851
_m ਤਰਸੇ
999 _c109741
_d109741